<?xml version="1.0" encoding="UTF-8"?>
<record
    xmlns:xsi="http://www.w3.org/2001/XMLSchema-instance"
    xsi:schemaLocation="http://www.loc.gov/MARC21/slim http://www.loc.gov/standards/marcxml/schema/MARC21slim.xsd"
    xmlns="http://www.loc.gov/MARC21/slim">

  <leader>00956cam a22002531  4500</leader>
  <controlfield tag="001">gs 34000069 </controlfield>
  <controlfield tag="003">DLC</controlfield>
  <controlfield tag="005">20260227111338.0</controlfield>
  <controlfield tag="008">811002s1922    cc a         f000 0 ger c</controlfield>
  <datafield tag="010" ind1=" " ind2=" ">
    <subfield code="a">gs 34000069 </subfield>
  </datafield>
  <datafield tag="035" ind1=" " ind2=" ">
    <subfield code="a">(OCoLC)7811106</subfield>
  </datafield>
  <datafield tag="040" ind1=" " ind2=" ">
    <subfield code="a">Library, U.S. Geological Survey</subfield>
    <subfield code="c">TxU</subfield>
    <subfield code="d">DLC</subfield>
  </datafield>
  <datafield tag="042" ind1=" " ind2=" ">
    <subfield code="a">premarc</subfield>
  </datafield>
  <datafield tag="050" ind1="0" ind2="0">
    <subfield code="a">QE756.C6</subfield>
    <subfield code="b">A3 ser. A, vol. 1, fasc. 1</subfield>
  </datafield>
  <datafield tag="100" ind1="1" ind2=" ">
    <subfield code="a">Florin, Rudolf,</subfield>
    <subfield code="d">1894-1965.</subfield>
  </datafield>
  <datafield tag="245" ind1="1" ind2="0">
    <subfield code="a">Zur altterti&#xE4;ren flora der s&#xFC;dlichen Mandschurei,</subfield>
    <subfield code="c">von Rudolf Florin in Stockholm. Mit tafel I-III und 3 textfiguren.</subfield>
  </datafield>
  <datafield tag="260" ind1=" " ind2=" ">
    <subfield code="a">Peking,</subfield>
    <subfield code="b">Published by the Geological survey of China,</subfield>
    <subfield code="c">1922.</subfield>
  </datafield>
  <datafield tag="300" ind1=" " ind2=" ">
    <subfield code="a">2 p. l., 52, [8] p.</subfield>
    <subfield code="b">illus., 3 pl.</subfield>
    <subfield code="c">29 cm.</subfield>
  </datafield>
  <datafield tag="410" ind1="1" ind2="0">
    <subfield code="a">China.</subfield>
    <subfield code="b">Geological Survey.</subfield>
    <subfield code="t">Pal&#xE6;ontologia sinica,</subfield>
    <subfield code="n">ser. A,</subfield>
    <subfield code="v">vol. I, fasc. 1</subfield>
  </datafield>
  <datafield tag="500" ind1=" " ind2=" ">
    <subfield code="a">Last 8 p. in Chinese.</subfield>
  </datafield>
  <datafield tag="504" ind1=" " ind2=" ">
    <subfield code="a">"Literaturverzeichnis": p. 35-44.</subfield>
  </datafield>
  <datafield tag="650" ind1=" " ind2="0">
    <subfield code="a">Paleobotany</subfield>
    <subfield code="z">China</subfield>
    <subfield code="z">Manchuria.</subfield>
  </datafield>
  <datafield tag="650" ind1=" " ind2="0">
    <subfield code="a">Paleobotany</subfield>
    <subfield code="y">Tertiary.</subfield>
  </datafield>
  <datafield tag="999" ind1=" " ind2=" ">
    <subfield code="c">27081</subfield>
    <subfield code="d">27081</subfield>
  </datafield>
</record>
